header

The physiology of the novel (Record no. 218463)

MARC details
000 -LEADER
fixed length control field 01659nam a2200385 a 4500
082 04 - DEWEY DECIMAL CLASSIFICATION NUMBER
Classification number 820.9008
100 1# - MAIN ENTRY--AUTHOR NAME
Personal name Dames, Nicholas,
245 14 - TITLE STATEMENT
Title The physiology of the novel
260 ## - PUBLICATION, DISTRIBUTION, ETC. (IMPRINT)
Place of publication Oxford ;
-- New York :
Name of publisher Oxford University Press,
Year of publication 2007.
300 ## - PHYSICAL DESCRIPTION
Number of Pages vii, 277 p. :
Other physical details ill., music.
650 #0 - SUBJECT ADDED ENTRY--TOPICAL TERM
Topical Term English literature
Topical Term English literature
Topical Term Books and reading
Topical Term Reader-response criticism
Topical Term Literature and society
856 40 - ELECTRONIC LOCATION AND ACCESS
Uniform Resource Identifier http://site.ebrary.com/lib/rucke/Doc?id=10197120

No items available.

© 2026 Rongo University
Contact us: librarian | system librarian | Rongo university